00817naa a2200205 i 450000100060000000300090000600500170001500800410003202100070007303500220008004000130010204100080011504300080012324501140013152001880024565000360043365000160046965500260048577301000051118473ES-MaBCM20241016093859.0920413s1992 fra 000 0 fre d axx a(OCoLC)1365154738 cES-MaBCM0 afre afra00aProtocole au Traité sur l'Antarctique, relatif a la protection de l'environnementb: Madrid, 4 octobre 1991 aApéndices: Arbitraje. Evaluación del impacto ambiental. Conservación de la fauna y flora. Eliminación y tratamiento de residuos.; Prevención de la contaminación marina ...27aProtección del medio ambiente24aAntártida 4aTratado internacional0 aEn:tRevue générale de droit international publicdParis : 1992w104678gnº 1 ; p. 207-245